Sportifs par pays #4 - Statistiques

Statistiques générales
  • Ce quiz a été pris 208 fois
    149 depuis la dernière actualisation
  • Le résultat moyen est 10 sur 20
Statistiques - réponses
Sportif Réponse % Correct
Mike Tyson Etats-Unis
98%
Max Verstappen Pays-Bas
94%
Kevin Mayer France
93%
Daniil Medvedev Russie
89%
Sarah Sjöström Suède
83%
Valentino Rossi Italie
81%
Yuliya Levchenko Ukraine
78%
Edin Džeko Bosnie-Herzegovine
73%
Phil Taylor Angleterre
57%
Canelo Alvarez Mexique
56%
Eddy Merckx Belgique
54%
Ryoko Tani Japon
39%
Nathan Chen Etats-Unis
24%
Manny Pacquiao Philippines
24%
Alistair Brownlee Royaume-Uni
24%
Dafne Schippers Pays-Bas
23%
Tom Daley Royaume-Uni
18%
Tirunesh Dibaba Ethiopie
16%
Wayne Gretzky Canada
12%
Abeer Essawy Egypte
9%
Aucun quiz correspondant
Distribution des résultats
% des personnes avec chaque résultat
Percentile par nombre de réponses
Votre historique - résultats
Vous n’avez pas pris ce quiz depuis la dernière actualisation